Anime Quiz (with real descriptions) Pt1 - Statistics

General Stats
  • This quiz has been taken 34 times
  • The average score is 10 of 159
Answer Stats
Hint Answer % Correct
A teenager sees a notebook fall from the sky and uses its special abilities to shape the world to his ideals one death at a time. Death Note
87%
After the murder of his family and the demonification of his sister, the protagonist must set out to gain strength and turn his sister back. Demon Slayer
83%
Over 3000 years after the petrification of the world, a green haired boy wakes up and shakes the new world with the power of forgotten science. Dr. Stone
83%
After this abnormally powerful high school student eats a magic finger to stop a monster from getting it, he is forced to attend a school made to fight said monsters. Jujutsu Kaisen
80%
Children with numbers for names team up with a strange horned girl to defeat the invaders with giant robots. Darling in the Franxx
53%
High schoolers with special powers are stopped by the student council of a school for people with special powers. Charlotte
40%
He lives life everyday suppressing his emotions, because if he ever lost control his powers would run rampant, but it seems he's not the only one with powers and not all of them are as nice. Mob Psycho 100
33%
A boy gains the power of his role model in order to become the strongest hero despite the odds. My Hero Academia
27%
He was stabbed to death and reincarnated as a monster with infinite potential. He immediately takes control of a goblin village and only grows it from there. That Time I Got Reincarnated as a Slime
27%
The destruction of mankind is at hand but the gods have given humanity one more shot at survival. Prove that humans are stronger through a fighting tournament or face destruction. Record of Ragnarok
20%
A young class must kill their strange teacher for the sake of the world. Assassination Classroom
17%
His mother was killed in an attack after a number of 'giants' broke into his city. Now he wants nothing more than to kill every last one of them. Attack on Titan
17%
A boy goes back in time to prevent the murder of a fellow classmate and find the killer who continues to roam free even in the future. Erased
17%
An unwanted and trouble making orphan living in a ninja village whose goal is to become the leader of his village. Naruto
17%
He yearned to become a hero everyone could rely on, but he became too strong. Now he stumbles his way through life just trying to have fun and stay out of trouble after defeating the occasional intergalactic conqueror. One Punch Man
17%
An infamous spy and an equally infamous assassin marry each other in an attempt to hide their identities. But what happens when multiple supernatural abilities are thrown into the fray? Spy x Family
17%
A popular comedy about a pink haired boy with almost every superpower imaginable. The Disastrous Life of Saiki K.
17%
After he goes on a date with a girl who turns out to be a monstrous cannibal, he wakes up in the hospital with a new man with more than just an eye patch. Tokyo Ghoul
17%
His viking father was killed in a duel by a powerful bandit leader and he decides to devote his life to killing said bandit leader. Vinland Saga
17%
A girl working at a maid cafe must learn to be a sadist along with her crazy coworkers. Blend-S
13%
A story of an unlikely meeting between the not-so nerdy quiet kid and the most popular girl in school. They both know the hidden sides of each other but how long can it stay a friendship? Horimiya
13%
Despite his initial plan to avoid trouble, the protagonist is immediately introduced to the number 1 girl of the school who turns out to be a lot more anti-social than she seems. Komi Can't Communicate
13%
A doll-obsessed young man discovers the passion of the popular girl at school is cosplay. After being begged to, he caves and begins crafting cosplay for her in this romantic comedy. My Dress-Up Darling
13%
After his classmate's betrayal he survives in the dungeon and makes his own harem with a vampire, dragonkin, classmate and beastwoman. Arifureta: From Commonplace to World's Strongest
10%
The 2 sisters must find a way to sort out their feelings while others try and interfere with their relationship. Citrus
10%
A mysterious bartender and his assistant make the dead challenge each other to games to decide who goes to heaven or hell. Death Parade
10%
A clumsy girl and handsome boys who turn into animals under rather strange conditions. Fruits Basket
10%
The perfect angel role model is corrupted by video games and goes to school with her angel and demon friends. Gabriel DropOut
10%
After his dad runs off to become a powerful hero of sorts, the protagonist wants to meet him and find out why by becoming a hero himself along with his money obsessed, emo and mysteriously strong friends. Hunter x Hunter
10%
A new student arrives at this notorious gambling den with the facade of a school, putting everything on the line for the thrill of it all. Kakegurui
10%
One of many aliens that take over humans by merging with their heads, accidentally merges with a boy's hand instead and must work together to keep each other alive. Parasyte: The Maxim
10%
A group of boys attend an all girls school but get caught peeping in the bathrooms. They then learn the hard way how strict the student counsel is by essentially becoming slaves. Prison School
10%
A princess of a corrupt kingdom sets out to find 7 traitorous knights notorious for their overwhelming power, accidentally stumbling upon their leader. The Seven Deadly Sins
10%
A mysterious school where one person is treated as if they don't exist while one of them might actually not exist. Another
7%
A banana cat and its friends. Bananya
7%
A space boy with a monkey tail works his way up to fight in universe threatening battles with gods. Dragon Ball
7%
After being transported to another world as his game character, the protagonist immediately and accidentally enslaves the 2 young girls who summoned him starting his harem and showcasing a glimpse of his strength. How Not to Summon a Demon Lord
7%
After being called a pig by his best friend and crush after his confession, he leaves school and returns years later, handsome and in search of revenge. Masamune-kun's Revenge
7%
After employing a dragon as her maid in her drunkenness, she must adapt to the otherworldly existences that will begin to appear around her. Miss Kobayashi's Dragon Maid
7%
After being used time and again, the protagonist breaks free from his evil comrades and reverses time in order to enslave and get revenge on them. Redo of Healer
7%
The hero must save the princess captured by the Demon Lord, but unfortunately the princess seems to be too tired to care. The princess must use her wits to find suitable sleeping conditions in this rotting castle. Sleepy Princess in the Demon Castle
7%
A tennis club that talks at 100 mph in this slapstick comedy. Teekyuu
7%
Everything is going wrong after he receives a mysterious journal entry on his phone warning him of future dangers. His only ally seems to be a bit over the top and may know more than she's letting on. The Future Diary
7%
After being reincarnated in the far future when the hero stabs him to attain peace this Demon King must once again show the world he is a forced to be reckoned with by attended the prestigious academy for demons. The Misfit of Demon King Academy
7%
He is shunned for being the supposed Weakest of the 4 heroes summoned and is framed. The Rising of the Shield Hero
7%
A emotionless soldier who lost her arms must learn to cope with the unknown feelings she has after losing her loved one by learning love through others' letters. Violet Evergarden
7%
A samurai-ish man sets off with Samuel L. Jackson on an adventure to defeat the supposed strongest man in the world and claim the title. Afro Samurai
3%
A really stupid girl who likes bananas. Aho Girl
3%
A mysterious and lazy teacher appears at the most prestigious magic academy. Despite his lazy appearance he is actually a powerful former military officer who has resolved himself to teach his class which includes a princess and a "white cat". Akashic Records of Bastard Magic Instructor
3%
A delinquent receives incredible powers and a giant sword in exchange for slaying (literally) heartless monsters. Bleach
3%
This MC is sent to defeat the demon king in this isekai, but he can never be too careful, no matter how long it takes. Cautious Hero: The Hero is Overpowered but Overly Cautious
3%
When spirits appear, they cause a lot of damage, but it is found out that they can be stopped if a certain boy makes them fall in love. Date a Live
3%
After transporting to another world in the middle of nowhere, he kills 300 lizardmen with a meteor strike, goes to a city and buys 5 slaves in this generic harem isekai. Death March to the Parallel World Rhapsody
3%
At midnight, the day he was shutting down his very own MMORPG, the protagonist is transported into the game world as a middle aged Demon Lord who loves to smoke. Demon Lord, Retry!
3%
A pink haired girl with strange abilities and an alter ego washes up on shore and is being hunted by the government. Elfen Lied
3%
A high school comedy about a student who just seems to know and have everything he needs at all times to make himself look cooler. Haven't You Heard? I'm Sakamoto
3%
After opening an old Go set, a strange ghost appears to teach the protagonist from the ground up how to become a Go pro. Hikaru no Go
3%
After being granted a wish by God when being sent to another world, the protagonist asks for only his beloved personal device. As a bonus he is granted the ability to use all magic and is predetermined to gain 9 wives. In Another World With My Smartphone
3%
A one armed and eyed girl along with a mysteriously immortal boy must fight to protect yokai and stop the supernatural from destroying the world. In/Spectre
3%
While in debt this high school girl helps a man and vents her problems to him. He offers her a house but once entering, makes her the new land-god of the house. With her reluctant fox yokai servant, she tries to fulfill her duties. Kamisama Kiss
3%
An obese girl cries for a few days when a character in her favorite BL anime dies. When she leaves her room she is skinny and super hot and then immediately becomes popular at school. Kiss Him, Not Me!
3%
After an embarrassing death the protagonist reincarnates with the wish of bringing along the snobby God that made fun of him. KonoSuba: God's Blessing on This Wonderful World
3%
A calm and collected office lady loves nothing more than a good cocktail from her husband. Although every time she has one her personality takes a 180. Love is Like a Cocktail
3%
The strange and competitive relationship of the Student Council President and the Vice President with help from their other unique members to get the other to confess first. Love is War
3%
A reincarnated girl must steer her destiny away from death and destruction, but how much is enough? Apparently not when both the male and female leads alike have a crushes on her. My Next Life as a Villainess: All Routes Lead to Doom
3%
Three young teens with amazing abilities are summoned to another world to participate in country ending games for the sake of the tiny and baron country that took them in along with their bunny girl guide. Problem Children Are Coming from Another World, Aren't They?
3%
She isolates herself from others due to her ability to read minds. That is until she joins the Esper Club and meets a strange boy who can't stop teasing her with lewd thoughts. The Troubled Life of Miss Kotoura
3%
God's marble who can transform into whatever dies near him, must face off against an unknown threat that can use his power against him. To Your Eternity
3%
A mysterious character labeled as a natural disaster by the world with a bounty of 60 billion dollars. Mostly fun adventures with 2 insurance agents tasked with following him around. Trigun
3%
He is born from 2 foreigners from another world and is later summoned there as a hero but is quickly thrown aside after being deemed "ugly" and is restricted to only communicate with monsters. Tsukimichi: Moonlit Fantasy
3%
After the talented apprentice witch finishes her graduation into a full witch, she decides to travel the world on her magic broom, meeting sad and happy people alike. Wandering Witch: The Journey of Elaina
3%
After her childhood friend (and prince) betrays her, she sets out to find 4 people with special powers to get revenge. Yona of the Dawn
3%
After the mafia kills his parents he joins them years laterin order to get revenge. 91 Days
0%
After returning to Earth as one of many summoned heroes, the protagonist seems stronger than most and even brought along a strange guest to start his harem with. Aesthetica of a Rogue Hero
0%
A boy gets hit by a bus and finds out he is one of few immortals in the world. He then must fight to escape the government as they try to catch him. Ajin
0%
A lazy and rude boy turns out to be the most talented general the world has ever seen. Now him and his friend the red-headed battle maniac will rise up and preach the new word of science while they're at it. Alderamin on the Sky
0%
After waking up in a strange place with no memory, she is immediately attack by a almost mummified murderer. She escapes him to the next floor where another stranger is trying to kill her. What secrets does this place hold? Angels of Death
0%
The people of this fantasy world will always need new armor, but maybe not ones in the forms of bikinis and thongs. Armor Shop for Ladies and Gentlemen
0%
She faces headfirst the troubles of being a woman painter during the Renaissance. Arte
0%
The feared demon Beelzebub is actually just a furry loving introvert which comes as a shock to her very ordinary attendant. As Beelzebub Likes it
0%
After acquiring her dream job as a librarian, she is in an accident and is sent to a world lacking in books where she must work from the ground up to read once again. Ascendance of a Bookworm
0%
A talentless blonde girl falls in love with her mysterious assassin tutor trains hard to prove everyone else wrong. Assassins Pride
0%
After trying to stop his fellow classmate from committing suicide he is stabbed with a sword made of blood, revealing that he is in fact a immortal half human. Beyond the Boundary
0%
After joining an immersive virtual reality game, our protagonist commits herself to not getting hurt, leading to her becoming the strongest in the game accidentally. Bofuri: I Don't Want to Get Hurt, So I'll Max Out My Defense
0%
The new stepsister of multiple brothers must fend them off as they all try to force their feelings upon her. Brothers Conflict
0%
After hitting his head in his sleep, 3 gods reincarnate the protagonist as a child in a forest where he can live peacefully. He and his slimes are discovered after many years and is found to be quite far from the norm. By the Grace of the Gods
0%
A girl becomes obsessed with a poem-based card game and begins her journey to the top. Chihayafuru
0%
A group of girls who formed their own club with the goal of having fun in this slapstick comedy with a spooky cow lick. Chronicles of the Going Home Club
0%
She wakes up as a wealthy lady in the distant past after a cooking accident. Soon after she wakes up she is kidnapped by a group of bandits where she makes food for the undercover bandit leader to survive. Cinderella Chef
0%
A girl befriends multiple handsome boys with special powers working for the government. Code:Breaker
0%
A tiny pink haired high schooler must find a way to draw her manga right before her friends leave for the summer. Comic Girls
0%
After being bitten by a digital snake, our MC must survive death games while acquiring a team of his own. Darwin's Game
0%
Despite his hopes of becoming a High Priest, our protagonist is given the job of Demon King, immediately becoming the enemy of the whole school. He must try and prove his innocence and learn to harness his power to survive. Demon King Daimao
0%
A former genius who reincarnated with the wish to be "average" but get way more than she bargained for when average level in the world includes more than just humans. Didn't I Say to Make My Abilities Average in the Next Life?!
0%
A young man with every disability possible teams up with a boy to defeat demons in order to regain his stolen humanity for better or worse. Dororo
0%
Many historical figures are transported on the brink of death to another world where they must band together to fight against powered up individuals who have suffered similar fates. Drifters
0%
This lazy and incapable looking doctor has the ability to diagnose all sorts of supernatural conditions, but not without consequence. Dr. Ramune -Mysterious Disease Specialist-
0%
A pharmacist, a ghost and a little beastwoman must handle all of their crazy customers. Drug Store in Another World
0%
The goofy hero and her friends/party must prove their strength by facing the demon king, who might be closer than they think. Endro
0%
A young chef goes to the best cooking school in an attempt to become the best with his simple and nostalgic meals. Food Wars! Shoukugeki no Soma
0%
A story of strange and unlikely relationships between a group of five club members who barely share one thing in common. Gamers
0%
A girl with too much luck must fight back against a god trying to take her luck. Good Luck Girl
0%
A (mostly) emotionless girl meets a not-so magical fox spirit who's less useful than the weather app and forms an unlikely bond. Gugure! Kokkuri-san
0%
In his small detective agency, the protagonist and his partner must use their powers to solve a strange pattern of murders, of which all of the victims have abilities. Hamatora the Animation
0%
7 talented high schoolers get sent to another world after their plane crashes. High School Prodigies Have It Easy Even In Another World
0%
The perfect girl everyone at school knows is just a facade made by a shrinking otaku whose brother can't say no to her. Himouto! Umaru-chan
0%
With the options of becoming a king or a tribute after being summoned to a new world's declining kingdom, the protagonist must use logic and strategies to save the kingdom. How a Realist Hero Rebuilt the Kingdom
0%
A young and well known adventurer discovers a dying devil girl in the woods and decides to take her in as his own. If it's for My Daughter, I'd Even Defeat a Demon Lord
0%
A boy with his harem get sent back and forth to another world in order to complete quests, even though all of their jobs/abilities are garbage. I'm Standing on a Million Lives
0%
After dying in her hospital bed due to a lightning strike, she wakes up in an inn as an elf character from her favorite game. She sets off to find her 3 children and search for others like her. In the Land of Leadale
0%
Two friends, a young boy and girl, are transported to another world and turn out to be very talented in magic. Their powers are so great that they must learn to harness their powers to prevent any lurking threats. Isekai Cheat Magician
0%
After reincarnating as an immortal witch, this MC spends her days fighting low level monsters and relaxing for centuries until she discovers that her level is maxed out. I've Been Killing Slimes for 300 Years and Maxed Out My Level
0%
When the infectious and zombie-like creatures invade his city and infect this young inventor, the protagonist just barely manages to stop the spread before it reaches his head, becoming a hybrid in the process. Kabeneri of the Iron Fortress
0%
With her ability to see spirits her only defense is the skill to cook food that only spirits like. Her skill comes to use when she is forced to become an ogre-god's wife due to her grandfather's hundred-million-yen debt. Kakuriyo: Bed and Breakfast for Spirits
0%
In the middle of his World Champion match, this wrestling pro is sent to another world full of unique animals where he can achieve his dream of opening a pet shop. Kemono Michi: Rise Up
0%
An entire class begins receiving demanding messages that they learn mustn't be ignored and will only get more extreme from there, from kissing all the way to killing. King's Game
0%
A mysterious young girl and her talking motorcycle travel to many unique countries, all with their own strange laws. Kino's Journey -the Beautiful World- the Animated Series
0%
After this hard-working otaku is reincarnated, he gets the chance to finally explore and experience the ins and outs of the giant robots he loves so much. Knights and Magic
0%
The tall 15 year old pushover who just can't help but accept almost any task. Komori-san Can't Decline!
0%
This rich and bored protagonist only found joy in her favorite immersive game and found herself waking up as a citizen in said game. She was only left with her money and a strange yet powerful set of animal pajamas. Kuma Kuma Kuma Bear
0%
The intertwined fate of a rookie bounty hunter and her target, one of the most notorious assassins in the world, both of which have a dark history that may turn them against each other. Love of Kill
0%
A young girl who can see spirits is sent back in time and loses her memories in the process. She then meets a young and rich man who happens to be very handsome. Meiji Tokyo Renka
0%
Since childhood she could see ghosts, rotting flesh and creepy words. Her only way to defend herself from the monsters is to pretend that they don't exist. Mieruko-chan
0%
A young man and certified doctor who chooses to not discriminate against demi humans and instead treat them which only grows his unique harem. Monster Girl Doctor
0%
A young girl is lost in the woods and saved by a vampire. She quickly becomes attracted to her and begins to spend everyday with her despite their reluctance. Ms. Vampire Who Lives in my Neighborhood
0%
An infamous bounty hunter and a determined princess switch bodies after a coup and must work together to save the kingdom. Murder Princess
0%
Two young girls and best friends have gained their own dark sides after many years and are now trying to find love, they just didn't know it would be with each other. Netsuzou Trap -NTR-
0%
An inspiring game designer fulfills her dream by joining a well-known company where she will get to interact with many unique seniors. New Game
0%
An ancient race said to have protected and stood above humans in the distant past. Even among them there is one that stands apart from them, their strongest on par with their king, and he has just woken up after few centuries of napping. Noblesse
0%
The undefeated duo who's the best at what they do. They get sent to another world where their skills will truly be put to the test against all manner of creatures and magic. No Game No Game
0%
A short show about three adventurous cats (which look like tiny humans to the watcher) and their young owner. Nyanko Days
0%
A new older stepsister with a strangely triangular mouth will go to many lengths to gain the favor of her younger stepbrother in these short episodes of comedy. Oneechan ga Kita
0%
A young and powerful knight is imprisoned after freeing a witch whom the Empire is at war with. He is released on the condition that he must capture the notorious Ice Calamity Witch but finds himself in a complex relationship. Our Last Crusade or the Rise of a New World
0%
As his favorite immersive game comes to an end, he waits until the end only to realize that he is now stuck as a lich ruling the most powerful monster filled country in the world. Overlord
0%
A masked man meets a young girl searching for the "legendary ace" in a fateful encounter that will shake the "known" world and beyond. Plunderer
0%
A 30-year-old woman has willingly become a NEET and spends her days extremely introverted and playing video games until she meets a "young girl" in game who changes her for the better. Recovery of an MMO Junkie
0%
Every Saturday mysterious doors open up all around a fantasy world leading into a modern restaurant. Restaurant to Another World
0%
A country bumpkin moves to the big city after being hired as a real estate agent for monsters and humans alike in a fantasy world. RPG Real Estate
0%
After being sent into his favorite immersive rpg game, the protagonist discovers that he has become his alternate account instead of his main one and has become a little girl. He sets out to find his fellow transmigrators and explore the world. She Professed Herself Pupil of the Wise Man
0%
A small town in the mountains experiences a string of ominous and supernatural disappearances and changes in personalities after a rich but quiet family moves into a mansion nearby. Shiki
0%
A young girl, after running away, has an encounter with the 2nd prince of a kingdom, starting their romance. Snow White with Red Hair
0%
After dying from an explosion in her classroom, the protagonist and her classmates are reincarnated into another world only to find that she had become a monster and was isolated from her classmates, forced to grow stronger in order to survive. So I'm a Spider, So What?
0%
With only a handful of humans remaining, a golem (of sorts) discovers a young child in the forest and sets out to find where they belong, if not right by his side. Somali and the Forest Spirit
0%
An innocent kid with the dream of being a soldier but doesn't know how to use his off-the-charts strength after being labeled as "the Weakest" in his village. Suppose a Kid from the Last Dungeon Boonies Moved to a Starter Town?
0%
After a terrible baseball experience in her previous school due to her special pitch, she just wanted to enjoy school. But she discovers the abandoned baseball club in her new school and everything changes. Tamayomi: The Baseball Girls
0%
The high school days of a sleepy and nonathletic boy and his friend who carries him around everywhere. Tanaka-kun is Always Listless
0%
After his reincarnation into a falling noble family as the youngest sibling he must train himself and use his strength to move up in the world and finally make friends. The 8th son? Are you kidding me?
0%
A young girl being sold at an auction is purchased by a humanoid mage with a skull-like face and becomes his apprentice. The Ancient Magus' Bride
0%
An emotionless kid who doesn't want to show off his almost infinite power as a cultivator and instead is known as a weakling anomaly that somehow got into the special class. The Daily Life of the Immortal King
0%
A young high school boy is invited to join a martial arts tournament where they use abilities granted by mythical beings. The God of High School
0%
An unfortunate boy who gets a terrible migraine whenever he uses his skill gains power through his imprisoned sensei in the middle of a dungeon, and along with it a large harem. The Hidden Dungeon Only I Can Enter
0%
The top professional in one of the world's biggest games is fired. He stumbles his way into an internet cafe and begins his journey to the top once again. The King's Avatar
0%
A powerful man with a magical marking called a stigma and a blonde-haired swordswoman who likes dango travel together for the sake of their missions. The Legend of the Legendary Heroes
0%
After being sent to another world while at a Norse shrine, he must adapt to the world using his school knowledge. He must try and find a way back to Earth while only having contact with his friend through his infinitely powered smartphone. The Master of Ragnarok and Blesser of Einherjar
0%
The tiny replacement for the previous princes' teacher with his own mysterious past. The Royal Tutor
0%
Trapped in a game world ruled by women, our male lead must acquire power before he is sold off, all while defeating the snobby and naive original characters in the game with his mecha. Trapped in a Dating Sim: The World of the Otome Games
0%
Many short stories about how many different experiences there are when confessing to someone. Tsuredure Children
0%
A young boy is sold off to demons by his parents and must attend an academy for demons without being discovered as human. Welcome to Demon School! Iruma-kun
0%
After his reincarnation, the protagonist is found by an old man and woman and raised to become a talented mage and knight. If only he had learned common sense before going to the magic academy. Wise Man's Grandchild
0%
No matching quizzes found
Score Distribution
Percent of People with Each Score
Percentile by Number Answered
Your Score History
You have not taken this quiz